| 000 | 01054 a2200217 4500 | ||
|---|---|---|---|
| 999 |
_c4566 _d4566 |
||
| 020 | _a9780143107361 (paperback) | ||
| 050 | 0 | 0 | _aPL8379.9 THI 1982 |
| 100 | 0 |
_aNgugi Wa Thiongo _d1938- _eauthor. |
|
| 245 | 1 | 0 |
_aDevil on the cross / _cNgugi Wa Thiongo |
| 264 | 1 |
_aNew York : _bHeinemann, _c1982 |
|
| 300 | _axxv, 291 pages ; | ||
| 440 | _aAfrican writers series | ||
| 500 | _a"First published in Gikuyu by Heinemann Educational Books (East Africa) Ltd 1980. English-language edition translated by the author published in Great Britain by Heinemann Educational Publishers 1982. This edition with an introduction by Namwali Serpell published in Penguin Books 2017"--Title page verso. | ||
| 650 | 7 | _aFICTION / Literary. | |
| 650 | 7 | _aFICTION / Classics. | |
| 650 | 7 | _aFICTION / Cultural Heritage. | |
| 650 | 7 |
_aKikuyu fiction _xTranslations into English |
|
| 650 | 7 |
_aFiction in English _xKenyan writers, 1960 |
|
| 942 |
_2lcc _cBK _h8379.9 _iTHI _k1982 |
||